00776nam0a22002411 4500001003000000005001700030035002600047100004100073101001300114102001100127105001800138200007500156205001300231210004800244215002000292311003400312454004200346686003100388700005400419801002200473801001800495852002100513RU\NLR\INFOCOMM_41\500024775420250613090421.0 a(NLR Aleph) 009066111 a20081014d1978 |||y0rusy50 ca1 agercrus aDEaRU ay z 000ay1 aAljonkaeErzählungfSergej Antonowg[Übers.: Halina Wiegershausen] a2. Aufl. aBerlincVolk u. WissenaМ.cProgressd1978 a63 с.d23 см a"Orig.-Titel: Алёнка" 012001#$aАлёнкаtАлёнка aШ6(2-Р)77(нем)2rubbk 1aAntonovbS. P.f1915-1995gSergej Petrovič4070 1aRUbNLRc20081014 0aRUbNLRgPSBO aNLRjЛ31 Д-6/2